| 000 | 01950nam0a2200373 4500 | ||
|---|---|---|---|
| 001 | RU\NLR\bibl\1653061 | ||
| 005 | 20250616034201.0 | ||
| 021 |
_aRU _b2010-42439 _92844 |
||
| 035 | _a(nilc)RSL-KNO-004655186 | ||
| 035 | _a(NLR Aleph) 001644379 | ||
| 090 |
_a882050 _c882050 |
||
| 100 | _a20100607d2010 |||y0rusy50 ca | ||
| 101 | 0 | _arus | |
| 102 | _aRU | ||
| 105 | _aa zzzz||||| | ||
| 200 | 1 |
_aСтратегический анализ ресурсной базы и принципы устойчивого развития нефтегазодобычи страны _fА. С. Бочкарев, М. В. Честиков |
|
| 205 | _aПрепр. | ||
| 210 |
_aМосква _cГорная книга _d2010 |
||
| 215 |
_a13, [5] с. _cил. _d21 |
||
| 225 | 1 |
_aОтдельные статьи Горного информационно-аналитического бюллетеня (научно-технического журнала) _v№ 3 |
|
| 320 | _aБиблиогр. в конце кн. | ||
| 606 | 1 |
_aНефтегазовая промышленность _xМатериальные ресурсы _yРоссийская Федерация _92469679 _3RU\NLR\auth\661466915 |
|
| 610 | 0 | _aЭкономика -- Российская Федерация -- Топливная промышленность -- Нефтяная промышленность -- Нефтедобывающая промышленность -- Минерально-сырьевая база | |
| 686 |
_aУ9(2)305.652.51-553,0 _2rubbk |
||
| 686 | _aУ30(2)565.2-553.8 | ||
| 700 | 1 |
_aБочкарев _bА. С. _gАлександр Сергеевич _4070 |
|
| 701 | 1 |
_aЧестиков _bМ. В. _gМихаил Владимирович _4070 |
|
| 801 | 0 |
_aRU _bРГБ _c20100607 _grcr |
|
| 801 | 1 |
_aRU _bРГБ _c20100607 |
|
| 801 | 2 |
_aRU _bNLR _c20100707 _grcr |
|
| 830 | _aпо кн | ||
| 942 | _cBOOK | ||
| 980 | _aNB | ||